[Event "DVM U20w 2023"]
[Site "Magdeburg GER"]
[Date "2023.12.29"]
[Round "5"]
[White "Daoud, Shahnaz"]
[Black "Erakhnovich, Sofia"]
[Result "1-0"]
[Termination "normal"]
[Board "9.4"]
[WhiteElo "1346"]
[BlackElo "789"]
[WhiteClock "00:03:04"]
[BlackClock "00:30:17"]
[WhiteTeam "SK Lehrte 1919"]
[BlackTeam "SC Strateg Stuttgart"]
[PlyCount "69"]
[WhiteFideId "16297750"]
[BlackFideId "34675752"]
[EventCountry "GER"]
[EventRounds "7"]
[EventType "team-swiss"]
[EventDate "2023.12.26"]

1. d4 {[%clk 01:30:59]} d5 {[%clk 01:30:55]} {[%emt 00:00:06]} 2. Bf4 {[%clk
01:31:21]} {[%emt 00:00:09]} e6 {[%clk 01:30:38]} {[%emt 00:00:47]} 3. e3
{[%clk 01:31:16]} {[%emt 00:00:34]} Nf6 {[%clk 01:30:53]} {[%emt 00:00:15]} 4.
Bd3 {[%clk 01:31:01]} {[%emt 00:00:44]} Bd6 {[%clk 01:30:08]} {[%emt 00:01:16]}
5. Bxd6 {[%clk 01:31:08]} {[%emt 00:00:23]} Qxd6 {[%clk 01:30:26]} {[%emt
00:00:11]} 6. c3 {[%clk 01:31:23]} {[%emt 00:00:15]} O-O {[%clk 01:28:12]}
{[%emt 00:02:45]} 7. Nf3 {[%clk 01:31:21]} {[%emt 00:00:31]} Nbd7 {[%clk
01:28:00]} {[%emt 00:00:42]} 8. Nbd2 {[%clk 01:30:20]} {[%emt 00:01:32]} b6
{[%clk 01:27:43]} {[%emt 00:00:48]} 9. O-O {[%clk 01:29:15]} {[%emt 00:01:34]}
c5 {[%clk 01:25:46]} {[%emt 00:02:27]} 10. e4 {[%clk 01:25:36]} {[%emt
00:04:09]} c4 {[%clk 01:25:27]} {[%emt 00:00:49]} 11. e5 {[%clk 01:23:09]}
{[%emt 00:02:57]} Qc7 {[%clk 01:22:09]} {[%emt 00:03:48]} 12. Bc2 {[%clk
01:18:27]} {[%emt 00:05:11]} Nh5 {[%clk 01:17:31]} {[%emt 00:05:08]} 13. Ng5
{[%clk 01:11:00]} {[%emt 00:07:57]} g6 {[%clk 01:17:48]} {[%emt 00:00:13]} 14.
Bxg6 {[%clk 00:41:47]} {[%emt 00:29:43]} hxg6 {[%clk 01:14:02]} {[%emt
00:04:16]} 15. g4 {[%clk 00:41:46]} {[%emt 00:00:31]} Nf4 {[%clk 01:13:48]}
{[%emt 00:00:45]} 16. Qf3 {[%clk 00:41:46]} {[%emt 00:00:28]} f6 {[%clk
01:07:38]} {[%emt 00:06:42]} 17. Qxf4 {[%clk 00:39:24]} {[%emt 00:02:52]} fxg5
{[%clk 01:07:47]} {[%emt 00:00:21]} 18. Qxg5 {[%clk 00:39:44]} {[%emt
00:00:07]} Kh7 {[%clk 01:03:57]} {[%emt 00:04:21]} 19. Qh4+ {[%clk 00:35:29]}
{[%emt 00:04:45]} Kg7 {[%clk 01:03:48]} {[%emt 00:00:40]} 20. f4 {[%clk
00:34:52]} {[%emt 00:01:05]} Qd8 {[%clk 01:03:46]} {[%emt 00:00:34]} 21. g5
{[%clk 00:31:11]} {[%emt 00:04:11]} Rh8 {[%clk 01:03:28]} {[%emt 00:00:47]} 22.
Qg4 {[%clk 00:29:11]} {[%emt 00:02:29]} Nf8 {[%clk 01:03:37]} {[%emt 00:00:21]}
23. h4 {[%clk 00:28:09]} {[%emt 00:01:32]} Rh5 {[%clk 00:55:46]} {[%emt
00:08:21]} 24. Rf3 {[%clk 00:27:38]} {[%emt 00:01:00]} Bd7 {[%clk 00:48:02]}
{[%emt 00:08:15]} 25. Nf1 {[%clk 00:22:43]} {[%emt 00:05:26]} Qe7 {[%clk
00:37:30]} {[%emt 00:11:02]} 26. Rh3 {[%clk 00:17:22]} {[%emt 00:05:50]} Qf7
{[%clk 00:36:02]} {[%emt 00:01:58]} 27. Ng3 {[%clk 00:13:18]} {[%emt 00:04:34]}
Rh7 {[%clk 00:36:25]} {[%emt 00:00:09]} 28. h5 {[%clk 00:09:23]} {[%emt
00:04:25]} gxh5 {[%clk 00:33:32]} {[%emt 00:03:22]} 29. Nxh5+ {[%clk 00:09:12]}
{[%emt 00:00:40]} Kh8 {[%clk 00:33:29]} {[%emt 00:00:34]} 30. Nf6 {[%clk
00:07:46]} {[%emt 00:01:55]} Rxh3 {[%clk 00:33:30]} {[%emt 00:00:30]} 31. Qxh3+
{[%clk 00:07:48]} {[%emt 00:00:28]} Nh7 {[%clk 00:33:54]} {[%emt 00:00:05]} 32.
Kg2 {[%clk 00:02:38]} {[%emt 00:05:40]} Rd8 {[%clk 00:33:30]} {[%emt 00:00:39]}
33. Rh1 {[%clk 00:02:45]} {[%emt 00:00:39]} Kg7 {[%clk 00:30:11]} {[%emt
00:03:49]} 34. Qh6+ {[%clk 00:02:53]} {[%emt 00:00:22]} Kh8 {[%clk 00:30:17]}
{[%emt 00:00:24]} 35. Qxh7+ {[%clk 00:03:04]} {[%emt 00:00:21]} 1-0

[Event "DVM U20w 2023"]
[Site "Magdeburg GER"]
[Date "2023.12.29"]
[Round "5"]
[White "Kohl, Natalie"]
[Black "Stauch, Amelie"]
[Result "1-0"]
[Termination "normal"]
[Board "10.1"]
[WhiteElo "1504"]
[BlackElo "910"]
[WhiteClock "01:08:19"]
[BlackClock "00:51:31"]
[WhiteTeam "Meuselwitzer SV"]
[BlackTeam "SV Eintracht Tangerhütte"]
[PlyCount "99"]
[WhiteFideId "12967408"]
[BlackFideId "34675353"]
[EventCountry "GER"]
[EventRounds "7"]
[EventType "team-swiss"]
[EventDate "2023.12.26"]

1. e4 {[%clk 01:30:44]} {[%emt 00:00:16]} e6 {[%clk 01:30:40]} {[%emt
00:00:20]} 2. d4 {[%clk 01:30:28]} {[%emt 00:00:46]} d5 {[%clk 01:30:43]}
{[%emt 00:00:27]} 3. e5 {[%clk 01:30:22]} {[%emt 00:00:36]} c5 {[%clk
01:29:54]} {[%emt 00:01:19]} 4. c3 {[%clk 01:26:31]} {[%emt 00:04:22]} Nc6
{[%clk 01:26:34]} {[%emt 00:03:50]} 5. Nf3 {[%clk 01:26:28]} {[%emt 00:00:32]}
Be7 {[%clk 01:24:06]} {[%emt 00:02:58]} 6. Bd3 {[%clk 01:24:21]} {[%emt
00:02:37]} f6 {[%clk 01:17:44]} {[%emt 00:06:51]} 7. O-O {[%clk 01:21:53]}
{[%emt 00:02:59]} c4 {[%clk 01:07:39]} {[%emt 00:10:35]} 8. Bc2 {[%clk
01:18:34]} {[%emt 00:03:49]} f5 {[%clk 01:04:21]} {[%emt 00:03:47]} 9. b3
{[%clk 01:16:33]} {[%emt 00:02:32]} b5 {[%clk 01:03:15]} {[%emt 00:01:35]} 10.
a4 {[%clk 01:13:19]} {[%emt 00:03:45]} Ba6 {[%clk 01:00:46]} {[%emt 00:02:58]}
11. axb5 {[%clk 01:11:24]} {[%emt 00:02:25]} Bxb5 {[%clk 01:01:04]} {[%emt
00:00:12]} 12. bxc4 {[%clk 01:11:46]} {[%emt 00:00:07]} Bxc4 {[%clk 01:00:16]}
{[%emt 00:01:19]} 13. Ba4 {[%clk 01:11:49]} {[%emt 00:00:25]} Bxf1 {[%clk
01:00:25]} {[%emt 00:00:23]} 14. Bxc6+ {[%clk 01:12:12]} {[%emt 00:00:06]} Kf8
{[%clk 01:00:25]} {[%emt 00:00:30]} 15. Bxa8 {[%clk 01:12:27]} {[%emt
00:00:15]} Qxa8 {[%clk 01:00:48]} {[%emt 00:00:07]} 16. Qxf1 {[%clk 01:12:03]}
{[%emt 00:00:54]} Bd8 {[%clk 00:56:30]} {[%emt 00:04:48]} 17. Qa6 {[%clk
01:10:50]} {[%emt 00:01:40]} Ne7 {[%clk 00:51:43]} {[%emt 00:05:21]} 18. Qxe6
{[%clk 01:08:54]} {[%emt 00:02:24]} Qc6 {[%clk 00:50:33]} {[%emt 00:01:40]} 19.
Ng5 {[%clk 01:07:13]} {[%emt 00:02:11]} Qxe6 {[%clk 00:49:38]} {[%emt
00:01:27]} 20. Nxe6+ {[%clk 01:07:33]} {[%emt 00:00:08]} Ke8 {[%clk 00:50:02]}
{[%emt 00:00:06]} 21. Nxd8 {[%clk 01:07:27]} {[%emt 00:00:37]} Kxd8 {[%emt
00:00:14]} 22. Rxa7 {[%emt 00:00:14]} Re8 {[%clk 00:48:55]} {[%emt 00:01:09]}
23. Bg5 {[%clk 01:05:52]} {[%emt 00:02:05]} h6 {[%clk 00:48:55]} {[%emt
00:00:31]} 24. Bxe7+ {[%clk 01:05:55]} {[%emt 00:00:26]} Rxe7 {[%clk 00:49:12]}
{[%emt 00:00:14]} 25. Rxe7 {[%clk 01:06:20]} {[%emt 00:00:04]} Kxe7 {[%clk
00:49:38]} {[%emt 00:00:04]} 26. Nd2 {[%clk 01:06:11]} {[%emt 00:00:39]} g5
{[%emt 00:01:01]} 27. c4 {[%emt 00:00:14]} dxc4 {[%emt 00:00:19]} 28. Nxc4
{[%emt 00:00:05]} Ke6 {[%clk 00:48:04]} {[%emt 00:00:25]} 29. Ne3 {[%clk
01:05:38]} {[%emt 00:01:02]} f4 {[%clk 00:48:16]} {[%emt 00:00:19]} 30. Ng4
{[%clk 01:05:15]} {[%emt 00:00:54]} h5 {[%clk 00:48:03]} {[%emt 00:00:43]} 31.
f3 {[%clk 01:05:19]} {[%emt 00:00:26]} Kd5 {[%clk 00:47:48]} {[%emt 00:00:44]}
32. Nf6+ {[%clk 01:05:25]} {[%emt 00:00:25]} Kxd4 {[%clk 00:47:56]} {[%emt
00:00:22]} 33. e6 {[%clk 01:05:51]} {[%emt 00:00:04]} Ke5 {[%clk 00:47:55]}
{[%emt 00:00:31]} 34. e7 {[%clk 01:06:04]} {[%emt 00:00:17]} Kxf6 {[%clk
00:48:11]} {[%emt 00:00:15]} 35. e8=Q {[%clk 01:06:25]} {[%emt 00:00:09]} Kf5
{[%clk 00:48:26]} {[%emt 00:00:15]} 36. Qxh5 {[%clk 01:06:10]} {[%emt
00:00:44]} Kf6 {[%clk 00:48:24]} {[%emt 00:00:32]} 37. h4 {[%clk 01:05:24]}
{[%emt 00:01:16]} gxh4 {[%clk 00:48:41]} {[%emt 00:00:13]} 38. Qxh4+ {[%clk
01:05:49]} {[%emt 00:00:05]} Kf5 {[%clk 00:49:01]} {[%emt 00:00:10]} 39. Qg4+
{[%clk 01:06:10]} {[%emt 00:00:07]} Ke5 {[%clk 00:49:25]} {[%emt 00:00:07]} 40.
Qg5+ {[%clk 01:06:04]} {[%emt 00:00:36]} Ke6 {[%clk 00:49:23]} {[%emt
00:00:33]} 41. Qxf4 {[%clk 01:06:25]} {[%emt 00:00:09]} Ke7 {[%clk 00:49:44]}
{[%emt 00:00:10]} 42. g4 {[%clk 01:06:47]} {[%emt 00:00:07]} Ke6 {[%clk
00:49:54]} {[%emt 00:00:21]} 43. g5 {[%clk 01:06:37]} {[%emt 00:00:40]} Ke7
{[%clk 00:50:03]} {[%emt 00:00:21]} 44. g6 {[%clk 01:06:25]} {[%emt 00:00:42]}
Ke6 {[%clk 00:50:25]} {[%emt 00:00:08]} 45. g7 {[%clk 01:06:32]} {[%emt
00:00:23]} Kd5 {[%clk 00:50:44]} {[%emt 00:00:11]} 46. g8=Q+ {[%clk 01:06:48]}
{[%emt 00:00:14]} Kc5 {[%clk 00:50:59]} {[%emt 00:00:14]} 47. Qgg5+ {[%clk
01:07:05]} {[%emt 00:00:15]} Kc6 {[%clk 00:51:12]} {[%emt 00:00:17]} 48. Qff6+
{[%clk 01:07:30]} {[%emt 00:00:06]} Kd7 {[%clk 00:51:14]} {[%emt 00:00:28]} 49.
Qgg7+ {[%clk 01:07:52]} {[%emt 00:00:06]} Ke8 {[%clk 00:51:31]} {[%emt
00:00:13]} 50. Qfe7# {[%clk 01:08:19]} {[%emt 00:00:04]} 1-0

[Event "DVM U20w 2023"]
[Site "Magdeburg GER"]
[Date "2023.12.29"]
[Round "5"]
[White "Scheiding, Sophia"]
[Black "Schönfeld, Emily"]
[Result "1-0"]
[Termination "normal"]
[Board "10.3"]
[WhiteElo "1421"]
[BlackElo "778"]
[WhiteClock "01:15:46"]
[BlackClock "00:43:28"]
[WhiteTeam "Meuselwitzer SV"]
[BlackTeam "SV Eintracht Tangerhütte"]
[PlyCount "49"]
[WhiteFideId "16287010"]
[BlackFideId "34681647"]
[EventCountry "GER"]
[EventRounds "7"]
[EventType "team-swiss"]
[EventDate "2023.12.26"]

1. e4 {[%clk 01:30:51]} {[%emt 00:00:09]} e5 {[%clk 01:30:22]} {[%emt
00:00:39]} 2. Nf3 {[%emt 00:01:06]} Nc6 {[%clk 01:27:52]} {[%emt 00:02:14]} 3.
d4 {[%clk 01:30:43]} {[%emt 00:00:48]} f6 {[%clk 01:23:42]} {[%emt 00:04:39]}
4. Bc4 {[%clk 01:24:58]} {[%emt 00:06:15]} Nge7 {[%clk 01:19:22]} {[%emt
00:04:50]} 5. Nc3 {[%clk 01:18:49]} {[%emt 00:06:40]} f5 {[%clk 01:13:14]}
{[%emt 00:06:37]} 6. Ng5 {[%clk 01:17:08]} {[%emt 00:02:12]} d6 {[%clk
01:12:40]} {[%emt 00:01:04]} 7. Bf7+ {[%clk 01:16:15]} {[%emt 00:01:24]} Kd7
{[%clk 01:12:15]} {[%emt 00:00:54]} 8. Be6+ {[%clk 01:16:29]} {[%emt 00:00:15]}
Ke8 {[%clk 01:12:27]} {[%emt 00:00:18]} 9. Nf7 {[%clk 01:16:41]} {[%emt
00:00:18]} Rg8 {[%clk 01:11:12]} {[%emt 00:01:46]} 10. Nxd8 {[%clk 01:17:03]}
{[%emt 00:00:08]} Kxd8 {[%clk 01:10:48]} {[%emt 00:00:53]} 11. Bxg8 {[%clk
01:17:24]} {[%emt 00:00:10]} Nxg8 {[%clk 01:11:00]} {[%emt 00:00:19]} 12. O-O
{[%clk 01:17:29]} {[%emt 00:00:25]} Nxd4 {[%emt 00:03:14]} 13. Be3 {[%clk
01:16:56]} {[%emt 00:00:47]} c5 {[%clk 01:05:39]} {[%emt 00:03:23]} 14. f3
{[%clk 01:16:44]} {[%emt 00:00:42]} f4 {[%clk 01:05:44]} {[%emt 00:00:24]} 15.
Bxd4 {[%clk 01:16:49]} {[%emt 00:00:25]} cxd4 {[%clk 01:05:38]} {[%emt
00:00:34]} 16. Nd5 {[%clk 01:17:05]} {[%emt 00:00:16]} d3 {[%clk 01:01:46]}
{[%emt 00:04:21]} 17. Qxd3 {[%clk 01:17:24]} {[%emt 00:00:12]} Be7 {[%clk
00:59:21]} {[%emt 00:02:54]} 18. Nxe7 {[%clk 01:17:04]} {[%emt 00:00:51]} Nxe7
{[%clk 00:59:40]} {[%emt 00:00:10]} 19. Rad1 {[%emt 00:01:35]} Nc6 {[%clk
00:58:35]} {[%emt 00:00:11]} 20. Qxd6+ {[%clk 01:17:39]} {[%emt 00:00:15]} Ke8
{[%clk 00:58:13]} {[%emt 00:00:52]} 21. Rd5 {[%clk 01:17:18]} {[%emt 00:00:49]}
a6 {[%clk 00:53:30]} {[%emt 00:05:15]} 22. Rfd1 {[%clk 01:15:40]} {[%emt
00:02:08]} h5 {[%clk 00:48:00]} {[%emt 00:05:59]} 23. Qg6+ {[%clk 01:15:53]}
{[%emt 00:00:16]} Ke7 {[%clk 00:46:19]} {[%emt 00:02:07]} 24. Qxg7+ {[%clk
01:15:46]} {[%emt 00:00:42]} Ke6 {[%clk 00:43:28]} {[%emt 00:03:22]} 25. Rd6#
{[%emt 00:00:43]} 1-0